[Event "Lansing (MI Op/6/6)"]
[Site "?"]
[Date "1987.??.??"]
[Round "?"]
[White "Cooper, T.."]
[Black "Thomas, C.."]
[Result "1/2-1/2"]
[WhiteElo "2200"]
[BlackElo "2130"]
[PlyCount "109"]
[EventDate "1987.??.??"]

{6/(6)} 1. Nf3 Nf6 2. b3 d6 3. d4 Bg4 4. g3 Nc6 5. Bb2 Qd7 6. h3 Bxf3 7. exf3
d5 8. Nd2 e6 9. Bg2 Bd6 10. f4 h5 11. h4 Ne7 12. Qe2 c6 13. Bh3 Qc7 14. O-O-O
b5 15. Nf3 Ne4 16. Ng5 Nxg5 17. hxg5 g6 18. Rde1 a5 19. a3 a4 20. b4 O-O-O 21.
Kb1 Rh7 22. Bc1 Rdh8 23. c3 h4 24. Bg4 hxg3 25. Rxh7 Rxh7 26. fxg3 Qd8 27. Be3
Qh8 28. Bg1 Kc7 29. Qe3 Nc8 30. Bf3 Nb6 31. Be2 Rh1 32. Bd3 Nc8 33. Be2 Ne7 34.
Bg4 Nf5 35. Bxf5 gxf5 36. Bf2 Qh3 37. Rxh1 Qxh1+ 38. Qe1 Qf3 39. Kc2 Kd7 40.
Qe3 Qg2 41. Qe2 Ke7 42. Kd2 Kf8 43. Be1 Qe4 44. Qxe4 fxe4 45. Ke3 Kg7 46. g4
Kg6 47. Bg3 Be7 48. Bh4 Bd8 49. Ke2 Bb6 50. Ke3 e5 51. f5+ Kg7 52. Bg3 exd4+
53. cxd4 Bd8 54. Be5+ Kh7 55. Bf6 1/2-1/2

[Event "Lansing (MI Op/3/8)"]
[Site "?"]
[Date "1987.??.??"]
[Round "?"]
[White "Cooper, T.."]
[Black "Mason, D.."]
[Result "1-0"]
[WhiteElo "2200"]
[BlackElo "2065"]
[PlyCount "99"]
[EventDate "1987.??.??"]

{3/(8)} 1. e4 c6 2. d4 d5 3. exd5 cxd5 4. Bd3 g6 5. c3 Bg7 6. h3 Qc7 7. Nf3 Nc6
8. O-O Nf6 9. Re1 O-O 10. Nbd2 Nd7 11. Nf1 Re8 12. Ne3 Nb6 13. a4 a5 14. Qb3 e5
15. dxe5 Be6 16. c4 dxc4 17. Nxc4 Nxc4 18. Bxc4 Nxe5 19. Bxe6 Rxe6 20. Nxe5
Bxe5 21. Be3 Qe7 22. Red1 Qb4 23. Qd5 Rae8 24. Qd2 Bxb2 25. Rab1 Qxd2 26. Bxd2
Bf6 27. Bxa5 Re4 28. Re1 Rxe1+ 29. Bxe1 Re7 30. Kf1 Bd4 31. a5 f5 32. Rd1 Ba7
33. Bc3 b5 34. Bb4 Rb7 35. Rd3 Kf7 36. a6 Rb6 37. Rd7+ Ke6 38. Rxa7 Kd5 39. Rb7
Rxa6 40. Rxb5+ Kc4 41. Rb7 h5 42. g3 Re6 43. Bd2 Kd3 44. Be3 Ke4 45. Rb4+ Kd5
46. h4 Ra6 47. Kg2 Ke5 48. Kf3 Kf6 49. Rb6+ Rxb6 50. Bxb6 1-0

[Event "East Detroit (MEX/2)"]
[Site "?"]
[Date "1987.??.??"]
[Round "?"]
[White "Cooper, T.."]
[Black "Haluska, James"]
[Result "1-0"]
[WhiteElo "2230"]
[BlackElo "2110"]
[PlyCount "59"]
[EventDate "1987.??.??"]

1. e4 e5 2. Nf3 Nc6 3. Bb5 a6 4. Bxc6 dxc6 5. Nc3 Qd6 6. d3 Bd7 7. O-O O-O-O 8.
Qe2 Ne7 9. Be3 f6 10. Rfb1 g5 11. b4 Ng6 12. a4 Nf4 13. Bxf4 exf4 14. b5 g4 15.
bxa6 b6 16. Nd2 Bg7 17. Nc4 Qc5 18. Rb3 Be6 19. Rab1 Kd7 20. Rb4 Ra8 21. d4 Qg5
22. d5 cxd5 23. exd5 Bf5 24. d6 Rhe8 25. Qd1 Bf8 26. dxc7+ Kxc7 27. Nd5+ Kc6
28. Rxb6+ Kc5 29. R1b5+ Kxc4 30. Rc6+ 1-0

[Event "East Detroit (MEX/4)"]
[Site "?"]
[Date "1987.??.??"]
[Round "?"]
[White "Cooper, T.."]
[Black "Hahn, David"]
[Result "1/2-1/2"]
[WhiteElo "2230"]
[BlackElo "2160"]
[PlyCount "41"]
[EventDate "1987.??.??"]

1. e4 g6 2. d4 Bg7 3. Nc3 d6 4. Bc4 c6 5. Qf3 d5 6. exd5 Nf6 7. h3 O-O 8. Nge2
Bf5 9. Bb3 cxd5 10. Ng3 Be6 11. O-O Nc6 12. Nce2 Qb6 13. c3 Na5 14. Bc2 Rad8
15. Re1 Rfe8 16. Nf4 Bc8 17. Nd3 Nc4 18. Bf4 Nd6 19. a4 a5 20. Be5 Nc4 21. Bf4
1/2-1/2

[Event "Lansing (MI Op/1a/3)"]
[Site "?"]
[Date "1987.??.??"]
[Round "?"]
[White "Cooper, T.."]
[Black "Dailey, C.."]
[Result "1-0"]
[WhiteElo "2200"]
[BlackElo "1945"]
[PlyCount "55"]
[EventDate "1987.??.??"]

1. e4 Nf6 2. e5 Nd5 3. d4 d6 4. Nf3 Bg4 5. Be2 e6 6. O-O Be7 7. c4 Nb6 8. exd6
cxd6 9. Be3 Bxf3 10. Bxf3 d5 11. c5 N6d7 12. Nc3 Nc6 13. Rb1 O-O 14. b4 Rc8 15.
Re1 a6 16. a4 Qc7 17. Qd2 Bf6 18. b5 Na5 19. Be2 axb5 20. Nxb5 Qd8 21. Nd6 Ra8
22. Nxb7 Nxb7 23. Rxb7 Rxa4 24. Bb5 Nxc5 25. dxc5 Ra3 26. Bd4 Qa8 27. Bxf6 gxf6
28. c6 1-0

[Event "Lansing (MI Op/1b/12)"]
[Site "?"]
[Date "1987.??.??"]
[Round "?"]
[White "Conley, Steve"]
[Black "Welch, Joseph"]
[Result "1-0"]
[WhiteElo "1905"]
[BlackElo "1605"]
[PlyCount "101"]
[EventDate "1987.??.??"]

1. d4 Nf6 2. c4 e6 3. g3 Bb4+ 4. Bd2 c5 5. Bxb4 cxb4 6. Bg2 O-O 7. e4 d6 8. Ne2
e5 9. O-O Nc6 10. d5 Ne7 11. a3 Qb6 12. axb4 Qxb4 13. Qc2 Bd7 14. Nd2 Rfc8 15.
Qc3 Qb6 16. Kh1 Rc7 17. f4 Ng6 18. f5 Nf8 19. h3 Rac8 20. g4 h6 21. b3 a6 22.
Bf3 N8h7 23. h4 Qa7 24. Kg2 Kh8 25. Rh1 Rc5 26. Qe3 Qa8 27. g5 Ng8 28. Ng3 b5
29. Be2 f6 30. Bh5 Be8 31. Bxe8 Rxe8 32. g6 Nf8 33. b4 Rc7 34. cxb5 Ra7 35. Nc4
Rd8 36. Rhc1 Ne7 37. b6 Rb7 38. b5 Rbb8 39. Qd2 Rd7 40. Rxa6 Qb7 41. Ra7 Qxb6
42. Nxb6 Rxb6 43. Rxd7 Nxd7 44. Qa5 Rb8 45. Rc7 Rd8 46. Qa7 Ng8 47. Rxd7 Rxd7
48. Qxd7 h5 49. Nxh5 Ne7 50. Qe8+ Ng8 51. Qf7 1-0

[Event "Lansing (MI Op/5/18)"]
[Site "?"]
[Date "1987.??.??"]
[Round "?"]
[White "Conley, Steve"]
[Black "Johnson, Ri"]
[Result "0-1"]
[WhiteElo "1905"]
[BlackElo "2030"]
[PlyCount "71"]
[EventDate "1987.??.??"]

{5/(18)} 1. d4 d5 2. c4 c6 3. e3 Nf6 4. Nc3 Nbd7 5. Nf3 e6 6. a3 Be7 7. Qc2 O-O
8. c5 Qc7 9. Be2 e5 10. dxe5 Nxe5 11. Nxe5 Qxe5 12. b4 Re8 13. Bb2 Qg5 14. Kf1
Be6 15. h4 Qh6 16. Bf3 Bg4 17. Bxg4 Nxg4 18. Qf5 Qe6 19. Qxe6 fxe6 20. Ne2 Rf8
21. Nf4 e5 22. Nd3 Nxe3+ 23. Kg1 Nc4 24. Bxe5 Nxe5 25. Nxe5 Bf6 26. Re1 Rae8
27. Nd3 Rxe1+ 28. Nxe1 Bb2 29. Nc2 Rf4 30. Rh3 Bf6 31. h5 Rc4 32. Ne3 Rc1+ 33.
Kh2 Be5+ 34. g3 d4 35. Ng4 d3 36. f4 0-1

[Event "Lansing (MI Op/3/6)"]
[Site "?"]
[Date "1987.??.??"]
[Round "?"]
[White "Conley, Steve"]
[Black "Fischvogt, Eric"]
[Result "0-1"]
[WhiteElo "1905"]
[BlackElo "2300"]
[PlyCount "84"]
[EventDate "1987.??.??"]

{3/(6)} 1. d4 Nf6 2. c4 g6 3. g3 Bg7 4. Bg2 d5 5. cxd5 Nxd5 6. e4 Nb6 7. Ne2
O-O 8. O-O Nc6 9. e5 Bg4 10. f3 Be6 11. b3 Qd7 12. Bb2 Rfd8 13. f4 Bg4 14. Bf3
Bh3 15. Re1 Qf5 16. Nc1 Nxd4 17. Bxd4 c5 18. Bxb7 Rxd4 19. Qe2 Rad8 20. Be4
Rxe4 21. Qxe4 Qxe4 22. Rxe4 Rd1+ 23. Kf2 Rf1+ 24. Ke2 Rxc1 25. Kd2 Rh1 26. Re2
Bf5 27. Re1 Rxh2+ 28. Ke3 Nd5+ 29. Kf3 Nb4 30. Na3 h5 31. Ke3 g5 32. Re2 Nd5+
33. Kd2 Rxe2+ 34. Kxe2 gxf4 35. gxf4 Nxf4+ 36. Kf3 Bxe5 37. Rg1+ Ng6 38. Nc4
Bd4 39. Rg5 Bg4+ 40. Ke4 f5+ 41. Kd3 Kf7 42. b4 Kf6 0-1

[Event "Hazel Park (MCO/4/26)"]
[Site "?"]
[Date "1987.??.??"]
[Round "?"]
[White "Collins, Charles"]
[Black "Nikolovski, Oliver"]
[Result "0-1"]
[WhiteElo "1700"]
[BlackElo "1940"]
[PlyCount "76"]
[EventDate "1987.??.??"]

{4/(26)} 1. Nf3 f5 2. g3 Nf6 3. d3 e6 4. Bg2 Be7 5. O-O O-O 6. c4 d5 7. b3 c6
8. Bb2 Bd7 9. Ne5 Be8 10. Nd2 Bh5 11. f4 Nbd7 12. Ndf3 Bd6 13. h3 a5 14. a3 h6
15. Qd2 Nc5 16. Qc2 Qb6 17. b4 axb4 18. axb4 Qxb4 19. Bc3 Qb6 20. Rfb1 Nb3+ 21.
Kf1 Nxa1 22. Rxb6 Nxc2 23. Rxb7 Ne3+ 24. Kg1 Nxg2 25. Kxg2 Bxf3+ 26. Kxf3 Rfb8
27. Rxb8+ Rxb8 28. Nxc6 Rb6 29. Nd4 Bc5 30. e3 dxc4 31. dxc4 Ne4 32. Ba5 Bxd4
33. Bxb6 Bxb6 34. g4 g6 35. gxf5 gxf5 36. Ke2 Kf7 37. h4 Kg6 38. Kd3 Kh5 0-1

[Event "Hazel Park (MCO/3/40)"]
[Site "?"]
[Date "1987.??.??"]
[Round "?"]
[White "Collins, Charles"]
[Black "Lewis, C.."]
[Result "1-0"]
[WhiteElo "1700"]
[BlackElo "1605"]
[PlyCount "113"]
[EventDate "1987.??.??"]

{3/(40)} 1. Nf3 d5 2. g3 Nf6 3. d4 g6 4. c4 Bg7 5. Nc3 dxc4 6. Qa4+ c6 7. Qxc4
O-O 8. Bg2 Nbd7 9. e4 Nb6 10. Qe2 Bg4 11. Be3 Ne8 12. Rd1 Nd6 13. b3 Nd7 14. h3
Be6 15. O-O Nb6 16. Ng5 Bd7 17. f4 f5 18. e5 Nf7 19. Nf3 Be6 20. Rd2 Nd5 21.
Nxd5 Bxd5 22. Rc1 e6 23. Rdc2 Rc8 24. b4 Qb6 25. Bd2 Bxf3 26. Bxf3 Qxd4+ 27.
Be3 Qd7 28. Bxa7 Rfe8 29. Bb6 Ra8 30. Rd2 Qc8 31. Rcd1 Bf8 32. Qc4 Ra4 33. Bc5
b5 34. Qc2 Qa6 35. Bxf8 Rxf8 36. Qxc6 Qxc6 37. Bxc6 Rxb4 38. Bd7 Kg7 39. Bxe6
Kh6 40. Rd7 Nh8 41. Bb3 Re4 42. Kf2 Rc8 43. Rd8 Rc3 44. Rxh8 Rce3 45. Rd2 Kg7
46. Rg8+ Kh6 47. Bd5 Rc3 48. Bxe4 fxe4 49. Kg2 e3 50. Re2 b4 51. e6 Rc7 52. Kf3
Kh5 53. Rxe3 Rc2 54. e7 Rxa2 55. Rb3 Rh2 56. e8=Q Rxh3 57. Qe5+ 1-0

[Event "Hazel Park (MCO/4/27)"]
[Site "?"]
[Date "1987.??.??"]
[Round "?"]
[White "Coleman, John"]
[Black "Rosecrans, R.."]
[Result "1/2-1/2"]
[WhiteElo "1905"]
[BlackElo "1655"]
[PlyCount "84"]
[EventDate "1987.??.??"]

{4/(27)} 1. d4 Nf6 2. c4 g6 3. Nc3 Bg7 4. e4 d6 5. Be2 O-O 6. Bg5 e5 7. dxe5
dxe5 8. Qxd8 Rxd8 9. Nd5 Nbd7 10. Nxc7 Rb8 11. Rd1 b6 12. Bxf6 Bxf6 13. Nd5 Kg7
14. Nxf6 Kxf6 15. Bg4 Ke7 16. Nf3 Nf6 17. Bxc8 Rbxc8 18. Rxd8 Kxd8 19. Nd2 b5
20. b3 bxc4 21. Nxc4 Nxe4 22. f3 Nd6 23. Ke2 Nxc4 24. bxc4 Rxc4 25. Rd1+ Ke7
26. Rd2 f5 27. Rb2 Rd4 28. Rb7+ Rd7 29. Rb5 Ke6 30. Ra5 f4 31. Ra6+ Kf5 32. a4
h5 33. Ra5 g5 34. h3 Rg7 35. Kf2 Ke6 36. Ra6+ Kd5 37. Rh6 h4 38. Ra6 Kd4 39.
Rd6+ Kc5 40. Ra6 Kd5 41. Ke2 e4 42. fxe4+ Kxe4 1/2-1/2

[Event "Hazel Park (MCO/3/12)"]
[Site "?"]
[Date "1987.??.??"]
[Round "?"]
[White "Coleman, John"]
[Black "Koster, Ed"]
[Result "0-1"]
[WhiteElo "1905"]
[BlackElo "2185"]
[PlyCount "94"]
[EventDate "1987.??.??"]

{3/(12)} 1. d4 Nf6 2. c4 g6 3. Nc3 d5 4. cxd5 Nxd5 5. Qb3 Nxc3 6. bxc3 Bg7 7.
Nf3 c5 8. Bb2 O-O 9. e3 Nc6 10. Qc2 Qa5 11. Nd2 cxd4 12. Nb3 Qd5 13. cxd4 Bf5
14. Qc4 Qd8 15. Be2 Rc8 16. Qa4 e5 17. dxe5 Nxe5 18. Nd4 Nd3+ 19. Bxd3 Bxd3 20.
Rd1 b5 21. Qa3 Bxd4 22. Bxd4 Bc4 23. f4 Qh4+ 24. g3 Qg4 25. Qb2 Qf3 26. Rg1
Rfe8 27. Qf2 Qe4 28. Qg2 Qe7 29. Qb2 Qe4 30. Qg2 Qe6 31. Rd2 Bd5 32. Qe2 Bc4
33. Qd1 a5 34. Kf2 Qh3 35. Ke1 Qe6 36. Rgg2 Bd5 37. Rgf2 Rc4 38. Rc2 Be4 39.
Rxc4 Qxc4 40. Qd2 b4 41. Qb2 Bf5 42. Rd2 a4 43. Be5 Bh3 44. Rf2 Rc8 45. Kd2 Bf5
46. Kd1 Qd3+ 47. Ke1 Qxe3+ 0-1

[Event "Hazel Park (MCO/1/30)"]
[Site "?"]
[Date "1987.??.??"]
[Round "?"]
[White "Coleman, John"]
[Black "Kelly, M.."]
[Result "1-0"]
[WhiteElo "1905"]
[BlackElo "1605"]
[PlyCount "65"]
[EventDate "1987.??.??"]

{1/(30)} 1. d4 d5 2. c4 Nf6 3. cxd5 Nxd5 4. Nc3 Nc6 5. Nf3 Bf5 6. Qb3 Nxc3 7.
bxc3 b6 8. Ba3 Qd7 9. e3 a6 10. Bc4 e6 11. Bxf8 Rxf8 12. Be2 Be4 13. O-O Bd5
14. c4 Be4 15. Nd2 Bf5 16. Bf3 Rb8 17. Qc3 f6 18. Rfe1 Kf7 19. g4 Bg6 20. d5
Ne7 21. dxe6+ Qxe6 22. Rad1 Rfd8 23. Nb3 Kf8 24. Nd4 Qe5 25. Qa3 c5 26. Nc6
Nxc6 27. Bxc6 a5 28. f4 Qe6 29. Bf3 Qxc4 30. Qb2 Rxd1 31. Rxd1 b5 32. Qd2 a4
33. Qd6+ 1-0

[Event "Lansing (MI Op/4/24)"]
[Site "?"]
[Date "1987.??.??"]
[Round "?"]
[White "Chandler, P.."]
[Black "Moody, David"]
[Result "1/2-1/2"]
[WhiteElo "1870"]
[BlackElo "2025"]
[PlyCount "80"]
[EventDate "1987.??.??"]

{4/(24)} 1. d4 Nf6 2. c4 c5 3. d5 e6 4. Nc3 exd5 5. cxd5 d6 6. e3 g6 7. Bd3 Bg7
8. Nf3 O-O 9. O-O a6 10. a4 Bg4 11. h3 Bxf3 12. Qxf3 Nbd7 13. Qd1 Re8 14. f4
Qc7 15. b3 Ne4 16. Bxe4 Bxc3 17. Ra2 Rxe4 18. Qc2 Nf6 19. Qxc3 Nxd5 20. Qd3 Nb4
21. Qxe4 Nxa2 22. Bb2 Qc6 23. Qc2 Re8 24. Ra1 Nb4 25. Qc3 Kf8 26. Qg7+ Ke7 27.
Bf6+ Ke6 28. Bb2 Nc2 29. Rd1 Nxe3 30. Rd2 Qe4 31. Qf6+ Kd7 32. Qxd6+ Kc8 33.
Qxc5+ Kb8 34. Qc1 Qxf4 35. Rf2 Qg3 36. Re2 Re6 37. Qc5 Ng4 38. Rxe6 Qh2+ 39.
Kf1 Qf4+ 40. Kg1 Qh2+ 1/2-1/2

[Event "Lansing (MI Op/2/15)"]
[Site "?"]
[Date "1987.??.??"]
[Round "?"]
[White "Chandler, P.."]
[Black "Lang, J.."]
[Result "1/2-1/2"]
[WhiteElo "1870"]
[BlackElo "2080"]
[PlyCount "103"]
[EventDate "1987.??.??"]

{2/(15)} 1. d4 Nf6 2. c4 d5 3. e3 c6 4. Nc3 e6 5. Bd3 Bd6 6. Nf3 Nbd7 7. e4
dxe4 8. Nxe4 Nxe4 9. Bxe4 Nf6 10. Bc2 h6 11. O-O O-O 12. Bd2 Qc7 13. Re1 Bf4
14. Bc3 Qe7 15. g3 Bd6 16. Qd3 Bb4 17. a3 Bxc3 18. Qxc3 Rd8 19. Rad1 b6 20. Ne5
Bb7 21. f4 c5 22. d5 Rd6 23. dxe6 Qxe6 24. Rxd6 Qxd6 25. Rd1 Qe6 26. Qd2 Re8
27. Re1 Ba8 28. Bd1 Ne4 29. Qc2 Qd6 30. Bf3 f5 31. Rd1 Qb8 32. g4 Ng5 33. Bxa8
Nh3+ 34. Kf1 Qxa8 35. Qxf5 Qh1+ 36. Ke2 Qxh2+ 37. Kd3 Nxf4+ 38. Ke4 Qe2+ 39.
Kxf4 g5+ 40. Kg3 Qxe5+ 41. Qxe5 Rxe5 42. Rd8+ Kf7 43. Rd7+ Re7 44. Rxe7+ Kxe7
45. Kf3 Kd6 46. Ke4 Ke6 47. a4 a6 48. b3 a5 49. Kf3 Ke5 50. Ke3 h5 51. gxh5 Kf5
52. Kf3 1/2-1/2

[Event "Lansing (MI Op/5/22)"]
[Site "?"]
[Date "1987.??.??"]
[Round "?"]
[White "Chandler, P.."]
[Black "Golonka, Stan"]
[Result "0-1"]
[WhiteElo "1870"]
[BlackElo "1985"]
[PlyCount "58"]
[EventDate "1987.??.??"]

{5/(22)} 1. d4 Nf6 2. c4 e5 3. dxe5 Ng4 4. Nf3 Bc5 5. e3 Nc6 6. Be2 Ngxe5 7.
Nxe5 Nxe5 8. O-O O-O 9. a3 a5 10. Nc3 d6 11. Na4 Ba7 12. Bd2 Bd7 13. f4 Nc6 14.
Bf3 Qe7 15. Kh1 f5 16. Re1 Qh4 17. Nc3 Nd8 18. Nd5 c6 19. g3 Qh6 20. Ne7+ Kf7
21. e4 Kxe7 22. exf5+ Kf7 23. g4 Kg8 24. g5 Qh3 25. f6 gxf6 26. gxf6 Rxf6 27.
Bc3 Rxf4 28. Bd5+ cxd5 29. Qxd5+ Nf7 0-1

[Event "Hazel Park (MCO/5/7)"]
[Site "?"]
[Date "1987.??.??"]
[Round "?"]
[White "Carroll, Deuvoy"]
[Black "Purdy, B.."]
[Result "1-0"]
[WhiteElo "2150"]
[BlackElo "1930"]
[PlyCount "57"]
[EventDate "1987.??.??"]

{5/(7)} 1. d4 Nf6 2. Nf3 g6 3. Bg5 Bg7 4. Nbd2 d5 5. Bxf6 Bxf6 6. e4 dxe4 7.
Nxe4 Bg7 8. Bc4 O-O 9. O-O Bg4 10. c3 Nc6 11. h3 Bf5 12. Re1 Na5 13. Bf1 Be6
14. Qa4 b6 15. Rad1 Bd7 16. Qc2 Nb7 17. Ne5 Bf5 18. Qa4 Bxe5 19. dxe5 Qe8 20.
Bb5 Qc8 21. Bc6 a6 22. Ng5 h6 23. Nf3 g5 24. Nd4 b5 25. Qa3 Bd7 26. Bxb7 Qxb7
27. Qxe7 Rad8 28. Nf5 Qc6 29. e6 1-0

[Event "Hazel Park (MCO/3/5)"]
[Site "?"]
[Date "1987.??.??"]
[Round "?"]
[White "Carroll, Deuvoy"]
[Black "Garwood, B.."]
[Result "1-0"]
[WhiteElo "2150"]
[BlackElo "1995"]
[PlyCount "63"]
[EventDate "1987.??.??"]

{3/(5)} 1. d4 d5 2. Nf3 Nf6 3. Bg5 e6 4. Nbd2 Be7 5. Bxf6 Bxf6 6. e4 O-O 7. e5
Be7 8. Bd3 c5 9. c3 Nc6 10. h4 h6 11. g4 f6 12. exf6 Bxf6 13. dxc5 e5 14. g5
Bg4 15. Qa4 Bxf3 16. Nxf3 e4 17. O-O-O hxg5 18. Bxe4 d4 19. Qc4+ Rf7 20. Bg6
Qc7 21. Qxf7+ Qxf7 22. Bxf7+ Kxf7 23. hxg5 Be7 24. cxd4 Rd8 25. d5 Nb4 26. d6
Bf8 27. Ne5+ Ke6 28. Rhe1 Kf5 29. a3 Na6 30. b4 b6 31. d7 Nb8 32. c6 1-0

[Event "Hazel Park (MCO/1/8)"]
[Site "?"]
[Date "1987.??.??"]
[Round "?"]
[White "Carroll, Deuvoy"]
[Black "Calton, David W"]
[Result "1-0"]
[WhiteElo "2150"]
[BlackElo "1665"]
[PlyCount "39"]
[EventDate "1987.??.??"]

{1/(8)} 1. d4 Nf6 2. Nf3 g6 3. Bg5 Bg7 4. Nbd2 h6 5. Bh4 d6 6. e4 O-O 7. Bc4
Nbd7 8. e5 Ne8 9. Qe2 d5 10. Bxd5 Nxe5 11. dxe5 Qxd5 12. Bxe7 Bf5 13. Qc4 Qa5
14. O-O Bxe5 15. Nb3 Bxh2+ 16. Kxh2 Qb6 17. Bxf8 Kxf8 18. Qc5+ Qd6+ 19. Qxd6+
Nxd6 20. Nbd4 1-0

[Event "Hazel Park (MCO/4/38)"]
[Site "?"]
[Date "1987.??.??"]
[Round "?"]
[White "Calton, David W"]
[Black "Williams, C.."]
[Result "1-0"]
[WhiteElo "1665"]
[BlackElo "1605"]
[PlyCount "69"]
[EventDate "1987.??.??"]

{4/(38)} 1. e4 c5 2. Nc3 d6 3. f4 Nc6 4. d3 Nf6 5. g3 Nd4 6. Nf3 Bg4 7. Bg2 e6
8. O-O Nh5 9. Be3 g6 10. Qd2 Bg7 11. Qf2 f5 12. Nxd4 cxd4 13. Bxd4 e5 14. fxe5
dxe5 15. Bc5 f4 16. Nd5 b6 17. Ba3 Bf8 18. gxf4 Bxa3 19. bxa3 O-O 20. Qe3 Qd6
21. fxe5 Rxf1+ 22. Rxf1 Qxe5 23. d4 Qg7 24. e5 Re8 25. Qf2 Be6 26. c3 Qd7 27.
Nf6+ Nxf6 28. Qxf6 Bf5 29. Qg5 Kg7 30. Qd2 Qe6 31. Re1 Qf7 32. d5 Qd7 33. Qd4
Kf7 34. e6+ Bxe6 35. dxe6+ 1-0

[Event "Hazel Park (MCO/2/40)"]
[Site "?"]
[Date "1987.??.??"]
[Round "?"]
[White "Calton, David W"]
[Black "Haney, Mark"]
[Result "1-0"]
[WhiteElo "1665"]
[BlackElo "1605"]
[PlyCount "67"]
[EventDate "1987.??.??"]

{2/(40)} 1. e4 c6 2. d4 d5 3. Nc3 dxe4 4. Nxe4 Bf5 5. Ng3 Bg6 6. Nf3 e6 7. Bd3
Bxd3 8. Qxd3 Bd6 9. O-O Bxg3 10. fxg3 Nf6 11. Bg5 Nbd7 12. c3 h6 13. Bf4 Qe7
14. b4 Nd5 15. Nd2 Nxf4 16. gxf4 Nf6 17. f5 O-O 18. Rae1 Qd7 19. fxe6 fxe6 20.
Ne4 Nxe4 21. Qxe4 Rxf1+ 22. Rxf1 Qd5 23. Qf4 Qd7 24. a4 Qe7 25. Qe5 Rf8 26.
Rxf8+ Kxf8 27. Qb8+ Kf7 28. Qxa7 Qh4 29. Qxb7+ Kg6 30. h3 Qe1+ 31. Kh2 Qxc3 32.
Qd7 Qe3 33. Qd6 Qe4 34. a5 1-0

[Event "Hazel Park (MCO/5/22)"]
[Site "?"]
[Date "1987.??.??"]
[Round "?"]
[White "Calton, David W"]
[Black "Bolda, Dan H"]
[Result "1-0"]
[WhiteElo "1665"]
[BlackElo "1910"]
[PlyCount "119"]
[EventDate "1987.??.??"]

{5/(22)} 1. e4 d6 2. d4 Nf6 3. Nc3 g6 4. Nf3 Bg7 5. Be2 O-O 6. O-O c5 7. dxc5
dxc5 8. Be3 Nbd7 9. h3 Qc7 10. Qc1 a6 11. a4 b6 12. Nd2 Bb7 13. f3 Nh5 14. Rd1
e6 15. Nf1 Be5 16. Bc4 Rfd8 17. Ne2 Nf8 18. c3 Rxd1 19. Qxd1 Rd8 20. Qe1 Nf4
21. Rd1 Nxe2+ 22. Qxe2 Rxd1 23. Qxd1 Qd6 24. Qxd6 Bxd6 25. Kf2 Kg7 26. Nd2 Nd7
27. Be2 f5 28. exf5 gxf5 29. f4 Nf6 30. Bf3 Bxf3 31. Kxf3 Nd5 32. g4 Nxe3 33.
Kxe3 b5 34. axb5 axb5 35. g5 Kg6 36. Nf3 Kh5 37. Ng1 Kh4 38. Nf3+ Kxh3 39. g6
hxg6 40. Ng5+ Kg4 41. Nxe6 b4 42. c4 Kg3 43. b3 Kg4 44. Kf2 Bxf4 45. Nxc5 Bd6
46. Nd3 f4 47. c5 Bb8 48. Nxb4 Ba7 49. Nd3 Kf5 50. b4 g5 51. b5 Bb8 52. b6 Ke6
53. c6 Bd6 54. Kf3 Be7 55. Ne5 Bd6 56. c7 Bxc7 57. bxc7 Kxe5 58. c8=Q Kf6 59.
Qg4 Kg6 60. Ke4 1-0

[Event "Hazel Park (MCO/4/42)"]
[Site "?"]
[Date "1987.??.??"]
[Round "?"]
[White "Calton, Bill"]
[Black "Moore, H.."]
[Result "1-0"]
[WhiteElo "1610"]
[BlackElo "1605"]
[PlyCount "101"]
[EventDate "1987.??.??"]

{4/(42)} 1. d4 g6 2. c4 Bg7 3. Nc3 d6 4. e4 Nf6 5. f4 c6 6. Nf3 Qc7 7. Be2 O-O
8. O-O Nbd7 9. f5 e5 10. fxg6 fxg6 11. d5 Nc5 12. Bd3 cxd5 13. cxd5 Bg4 14. h3
Bd7 15. Be3 Nh5 16. Rc1 Ng3 17. Rf2 Qc8 18. Ne2 Nxe2+ 19. Qxe2 Qd8 20. Bxc5 Rc8
21. Be3 Rxc1+ 22. Bxc1 h6 23. Be3 a6 24. Qc2 Qa5 25. Qc3 Qxa2 26. Qa3 Qxa3 27.
bxa3 Rc8 28. Rc2 Ra8 29. Rc7 Bb5 30. Ne1 b6 31. Bxb6 Bf6 32. Bxb5 axb5 33. Rd7
Bh4 34. Nf3 Bg3 35. Rd8+ Rxd8 36. Bxd8 Kf7 37. Kf1 Ke8 38. Bb6 Kd7 39. Ke2 Kc8
40. Kd3 Kb7 41. Ba5 Ka6 42. Bc7 Bf2 43. Bxd6 Ka5 44. Nxe5 g5 45. Bf8 h5 46. d6
Bc5 47. d7 Bb6 48. d8=Q Bxd8 49. Nc6+ Ka4 50. Nxd8 g4 51. e5 1-0

[Event "Hazel Park (MCO/2/45)"]
[Site "?"]
[Date "1987.??.??"]
[Round "?"]
[White "Calton, Bill"]
[Black "Miller, Dan"]
[Result "1-0"]
[WhiteElo "1610"]
[BlackElo "1605"]
[PlyCount "75"]
[EventDate "1987.??.??"]

{2/(45)} 1. d4 d5 2. c4 e6 3. Nc3 c5 4. cxd5 exd5 5. dxc5 Bxc5 6. Qxd5 Qxd5 7.
Nxd5 Na6 8. e4 Ne7 9. Bxa6 Nxd5 10. Bb5+ Bd7 11. Bxd7+ Kxd7 12. exd5 Rhe8+ 13.
Ne2 Bb4+ 14. Bd2 Bxd2+ 15. Kxd2 Rad8 16. Nc3 Kc8 17. Rhe1 Rf8 18. Re7 Kb8 19.
Rae1 h5 20. Kd3 a6 21. Kd4 g5 22. Na4 f6 23. Nc5 Ka8 24. Rxb7 Rb8 25. Rxb8+
Rxb8 26. d6 Rxb2 27. d7 Rd2+ 28. Kc3 Rxd7 29. Nxd7 Kb7 30. Re6 f5 31. Kc4 g4
32. Kc5 a5 33. Ne5 f4 34. Re7+ Kc8 35. Kc6 Kd8 36. Re6 f3 37. Nf7+ Kc8 38. Re8#
1-0

[Event "Hazel Park (MCO/1/32)"]
[Site "?"]
[Date "1987.??.??"]
[Round "?"]
[White "Burg, Dan"]
[Black "Sturgis, Derreck"]
[Result "1-0"]
[WhiteElo "1885"]
[BlackElo "1605"]
[PlyCount "59"]
[EventDate "1987.??.??"]

{1/(32)} 1. e4 c5 2. c3 e6 3. d4 cxd4 4. cxd4 d5 5. e5 Nc6 6. Nf3 f6 7. Nc3
fxe5 8. Nxe5 Bd6 9. Qh5+ g6 10. Nxg6 Nf6 11. Qh4 Rg8 12. Ne5 Nxe5 13. dxe5 Bxe5
14. Bg5 Qe7 15. Bd3 Rg7 16. O-O h6 17. Qxh6 Bxh2+ 18. Kh1 Ng4 19. Qh8+ Qf8 20.
Bb5+ Bd7 21. Qh5+ Qf7 22. Qxg4 e5 23. Bxd7+ Qxd7 24. Qh5+ Qf7 25. Qxf7+ Kxf7
26. Kxh2 d4 27. Ne4 Rh7+ 28. Kg3 Rg8 29. f4 d3 30. Nf6 1-0

[Event "Hazel Park (MCO/5/15)"]
[Site "?"]
[Date "1987.??.??"]
[Round "?"]
[White "Burg, Dan"]
[Black "Kulbacki, James"]
[Result "1/2-1/2"]
[WhiteElo "1885"]
[BlackElo "2130"]
[PlyCount "20"]
[EventDate "1987.??.??"]

{5/(15)} 1. e4 e6 2. d4 d5 3. Nc3 Nf6 4. e5 Nfd7 5. Qg4 f5 6. Qh5+ g6 7. Qg5
Be7 8. Qh6 Bf8 9. Qg5 Be7 10. Qh6 Bf8 1/2-1/2

[Event "Hazel Park (MCO/4/29)"]
[Site "?"]
[Date "1987.??.??"]
[Round "?"]
[White "Burg, Dan"]
[Black "Hawley, T.."]
[Result "1-0"]
[WhiteElo "1885"]
[BlackElo "1605"]
[PlyCount "77"]
[EventDate "1987.??.??"]

{4/(29)} 1. e4 e5 2. Nf3 Nc6 3. d4 exd4 4. Bc4 Bb4+ 5. Bd2 Bxd2+ 6. Nbxd2 Nh6
7. Nb3 d6 8. Nbxd4 Bg4 9. h3 Nxd4 10. hxg4 Nxf3+ 11. Qxf3 Qd7 12. g5 Ng4 13.
Bxf7+ Ke7 14. Bh5 Ne5 15. Qe2 Raf8 16. O-O-O Qa4 17. Kb1 Rf4 18. Bf3 Qe8 19.
Rh3 a6 20. Rdh1 Qg6 21. Rg3 Rhf8 22. Rhh3 Kd8 23. Qe3 b6 24. Qb3 Nxf3 25. gxf3
Kc8 26. Qd5 Kb8 27. Kc1 Qe8 28. Rxh7 Rxf3 29. Rxf3 Rxf3 30. Rxg7 Rxf2 31. Rg8
Rf8 32. Rxf8 Qxf8 33. Qf5 Qg7 34. Qf6 Qh7 35. b3 Qh1+ 36. Kb2 Qxe4 37. g6 Kb7
38. g7 Qd5 39. a3 1-0

[Event "US op"]
[Site "?"]
[Date "1987.??.??"]
[Round "12"]
[White "Browne, Walter S"]
[Black "Finegold, Ben"]
[Result "1/2-1/2"]
[WhiteElo "2495"]
[BlackElo "2345"]
[PlyCount "54"]
[EventDate "1987.??.??"]

1. d4 Nf6 2. c4 e6 3. Nf3 b6 4. a3 Bb7 5. Nc3 g6 6. d5 exd5 7. cxd5 Bg7 8. g3
O-O 9. Bg2 c6 10. Bg5 h6 11. Bxf6 Qxf6 12. O-O cxd5 13. Ne1 Nc6 14. Bxd5 Qe7
15. Rc1 Rfe8 16. e3 Rac8 17. Nd3 Ba6 18. Re1 Na5 19. Nb4 Bc4 20. Rc2 Bxd5 21.
Ncxd5 Qd8 22. Qc1 Rxc2 23. Qxc2 Nc6 24. Rd1 Ne5 25. Qe2 Qc8 26. Nd3 Nxd3 27.
Qxd3 Bxb2 1/2-1/2